| 000 | 00573nam a22002177a 4500 | ||
|---|---|---|---|
| 001 | BD-DhSAU 2105 | ||
| 003 | BD-DhSAU | ||
| 005 | 20150126123653.0 | ||
| 008 | 150126s2006 bg | |||r|||| 00| 0 ben d | ||
| 020 | _a9846431559 | ||
| 040 | _aBD-DhSAU | ||
| 082 |
_222 _a421 _bAHL |
||
| 100 | _aAhmed, Sadruddin | ||
| 245 |
_aLearning english : _bthe easy way / |
||
| 250 | _a7th (বাংলা সংস্করণ) | ||
| 260 |
_aDhaka : _bAkhtara Prokashani, _c2006. |
||
| 300 |
_a347 p. : _c22 cm. |
||
| 504 | _aGlossary. | ||
| 590 | _aerfat | ||
| 650 | _aLearning enlish. | ||
| 942 |
_2ddc _cBOOK |
||
| 999 |
_c2105 _d2105 |
||